Analysis of manpower shortages in local government (Record no. 409888)

000 -LEADER
fixed length control field 00459cam a22001337a 4500
008 - FIXED-LENGTH DATA ELEMENTS--GENERAL INFORMATION
fixed length control field 180718b1970 xxu||||| |||| 00| 0 eng d
082 ## - DEWEY DECIMAL CLASSIFICATION NUMBER
Classification number K00 D496
100 ## - MAIN ENTRY--PERSONAL NAME
Personal name Devine, Eugene J.
245 ## - TITLE STATEMENT
Title Analysis of manpower shortages in local government
Statement of responsibility, etc. by Eugene J. Devine
260 ## - PUBLICATION, DISTRIBUTION, ETC.
Place of publication, distribution, etc. New York
Name of publisher, distributor, etc. Praeger
Date of publication, distribution, etc. 1970
300 ## - PHYSICAL DESCRIPTION
Extent xix,171p
650 ## - SUBJECT ADDED ENTRY--TOPICAL TERM
Topical term or geographic name entry element Labor supply --United States --Case studies.
650 ## - SUBJECT ADDED ENTRY--TOPICAL TERM
Topical term or geographic name entry element Local officials and employees --United States --Case studies
Holdings
Withdrawn status Lost status Damaged status Not for loan Permanent Location Current Location Date acquired Full call number Barcode Date last seen Price effective from Koha item type
        Indian Institute of Public Administration Indian Institute of Public Administration 2009-01-12 K00 D496 DA1961 2018-07-21 2018-07-21 DA

Powered by Koha